000 01119cam a22002535a 4500
001 L141919
008 080115s2007 xxk f 001 0 eng d
020 _a9780750685085
035 _a(Sirsi) u141919
041 0 _aeng
050 0 4 _a658 $2 18
100 1 _aDrucker, Peter F
245 0 0 _aInnovation and entrepreneurship
_bpractices and principles
250 _aRev. ed.
260 _aLondon
_bElsevier Science & Technology
_c2007
300 _axvi, 253p.
_c24cm.
505 2 _aThe practice of innovation -- The practice of entrepreneurship -- Entrepreneurial strategies
520 _aClassic book on successful management theory by one of the world's leading authorities on the subject. Examines the practice of innovation, analysing market and industry structure, perceptions, demographics, knowledge and perception and how to use these sources to drive innovation. Addresses entrepreneurial management and strategies, addressing service institutions and ecological niches.
521 2 _aAdvanced
590 _aKA
651 4 _aInternational
690 _aMANAGEMENT-BUSINESS MANAGEMENT
942 _n0
999 _c107795
_d107795